Central Library OPAC University of Rajshahi
Normal view MARC view

Entry Topical Term

Number of records used in: 2

001 - CONTROL NUMBER

  • control field: 11126

003 - CONTROL NUMBER IDENTIFIER

  • control field: BD-RjUL

005 - DATE AND TIME OF LATEST TRANSACTION

  • control field: 20240124164044.0

008 - FIXED-LENGTH DATA ELEMENTS

  • fixed length control field: 240124|| aca||aabn | a|a d

040 ## - CATALOGING SOURCE

  • Original cataloging agency: BD-RjUL
  • Transcribing agency: BD-RjUL

150 ## - HEADING--TOPICAL TERM

  • Topical term or geographic name entry element: Mathematical Physics
  • General subdivision: Nonlinear Evolution Equations

670 ## - SOURCE DATA FOUND

  • Source citation: Work cat.: (BD-RjUL)82775: Hossain, A. K. M. Kazi Sazzad 11125, On Exact and Solitary Wave Solutions of Nonlinear Evolution Equations in Mathematical Physics /, 2018